MDQL
is popping MORE tags! Check the
thread
!
Quizzes
Events
Quiz Creation
Community
Videos
Private Events
Remove Ads
Sign In
Join for FREE
Feedback
Dark Mode
Quiz Categories
Sports
Geography
Music
Movies
Television
Just For Fun
Miscellaneous
History
Literature
Language
Science
Gaming
Entertainment
Religion
Holiday
For Kids
Quiz Lab
Recent
Popular Today
Quiz Kudos Today
Editor Picks
Curator Picks
Quizzes by...
Day
Popularity
Type
Ratings
Length
Year
Community
Subscriptions
Recent Discussions
Orange Saloon
Badges
Playlists
Quests
Create
Leaderboards
Showdown
Live 5
Trivia Bingo
Activity
Puzzle Library
Sporcle Events
Private Events
Virtual Trivia
Globe League
Become a Host
Pub Owners
SporcleCon
Opinionation
Our Games
Videos
Blog
Mobile Apps
Partnerships
Remove Ads and Go Orange
Feedback
Entertainment
Celebrity
Famous
Musical
Broadway
Show
Quote
Comic Books
Anime
Superhero
DC Comics
Marvel
Cartoons
Animation
Entertainment
Celebrity
Famous
Musical
Broadway
Show
Quote
Comic Books
Anime
Superhero
DC Comics
Marvel
Cartoons
Animation
Random Quiz
Search Sporcle
×
Quiz Lab
Quiz Lab
Entertainment
Marvel
Type in answers that appear in a list
Type in answers that appear in a list
Classic
Best Score? Go Orange.
List the Marvel Superhero Teams Stats
Can you name these Marvel Superhero Teams?
By
comicsouljah
7m
25 Questions
444 Plays
444 Plays
444 Plays
Comments
Comments
Give Quiz Kudos
Give Quiz Kudos
-
- Ratings
hide this ad
More Info
Replay
Link that replays current quiz
Next Quiz
Link to next quiz in quiz playlist
You Got
0%
They Got
Avg Score
68%
Avg Friend Score
Upgrade to see
Score Distribution
Jump to the score distribution portion of the page
Score
0/25
Timer
07:00
0
Plays Today
Hint
Answer
% Correct
Earth's Mightiest Heroes (Iron Man, Thor, Cap)
Avengers
99.5%
The Uncanny . . . (Cyclops, Iceman, Angel etc)
X-men
94.4%
X-
Team that debuted in 1994 Phalanx Covenant
Generation X
90.1%
The 'First Family' of Marvel
Fantastic Four
89.4%
X-
Team Led by Cable (Deadpool; Domino)
X-Force
84.9%
Canada's super team (Sasquatch & Snowbird)
Alpha Flight
80.4%
The Fearless . . . (1st Appearance Marvel Feature #1)
Defenders
80.4%
The Name of King Arthur's Sword (Captain Britian, Shadowcat, Nightcrawler)
Excalibur
79.7%
Live on the Moon in Attilan (Black Bolt, Medusa, Gorgon)
Inhumans
78.6%
31st Century Team from Knowhere
Guardians of the Galaxy
74.8%
Power Man & Iron Fist (Misty Knight, Colleen Wing)
Heroes for Hire
74.1%
Nick & Dum Dum et al (WWII)
Howling Commandos
73.6%
The Super-
team of the Shi'ar Empire (Gladiator)
Imperial Guard
71.4%
Hint
Answer
% Correct
The 'Mutant Detective Agency' or return of the Original
X-Factor
64.9%
Teenagers vs their parents (the Pride)
Runaways
63.7%
1st Appearance: Marvel Graphic Novel #4 (1982) (Cannonball)
New Mutants
62.4%
Criminals trying to be heroes
Thunderbolts
59%
The WWII super team that fought the Nazis
Invaders
55.6%
1970's short-
lived team (Hercules, Black Widow, Ghost Rider)
Champions
54.3%
Team founded by Night Thrasher
New Warriors
48.2%
Intergalactic Police of the Kree
Nova Corps
47.3%
1st Appearance: Strange Tales #135 (1965)
SHIELD
47.1%
First pre-
teen superheroes
Power Pack
45.7%
1998 Imprint featuring Daredevil, Punisher, Spider-
man
Marvel Knights
43.5%
Team from Earth-
712 (similar to the Avengers)
Squadron Supreme
39.4%
Quiz Playlist
Details
Report
Send in Message
Add To Playlist
More Info:
Name the most popular superhero teams.
Classic:
Type in answers that appear in a list
Last Updated: Feb 16, 2017
Quiz Scoreboard
CHALLENGE
Sign Up to Join the Scoreboard
Show All
Scores
Hide
Comments
May contain spoilers
Recently Published
Image Sorting: Flags VI
by Barbecue
Geography
2m
Find the 'City' Movie
by crazypaving
Movies
60s
Colored Red Africa Blitz
by spor1
Geography
45s
More to Explore
Quiz From the Vault
Featured Blog Post
14 Easter Pick-up Lines to Find Eggs With
hide this ad
You Might Also Like...
Tags
Marvel Quiz
Superhero Quiz
team
Today's Top Quizzes in Entertainment
Browse Entertainment
hide this ad
Today's Top Quizzes in Marvel
Browse Marvel
Top Contributed Quizzes in Entertainment
1
Marvel Classic Character Map
2
Dragon Ball Z: Goku's Fights in Order
3
Marvel Characters Bunker
4
JoJo's Bizarre Logic Quiz
5
This is Your Life: Edward Elric
6
Celebrity Spelling Bee
7
This is Your Life: Itachi Uchiha
8
BOYS PLANET Quiz
9
Sorting Pictures: Villains
10
One Piece Heroines Chapter Cover
Explore More
Trending Topics
Kpop
Harry Potter
Crossword
Anime
Disney
NBA
Marvel
Pokémon
Song
The Office
NFL
Soccer
Puzzle
Country
WWE
hide this ad
More By:
comicsouljah
Quiz
Plays
Rating
Category
Featured
Created
List the Marvel Superhero Teams
444
3.60
Entertainment
May 22, 2015
Superheroes with Color in Name
163
2.00
Entertainment
May 22, 2015
Superhero Captains
98
5.00
Entertainment
May 26, 2015
Which is it? Miss or Mister?
55
2.00
Entertainment
May 26, 2015
1st Appearances of Marvel Characters
52
5.00
Entertainment
May 22, 2018
Go to Creator's Profile
Score Distribution
Quiz Creator Spotlight
comicsouljah
Follow
Send a Message
Quizzes Created
-
Created Quiz Play Count
-
More By This Creator
Popular Quizzes Today
1
Colored Red Africa Blitz
2
Find the US States - No Outlines Minefield
3
Find the 'City' Movie
4
5x2 Blitz: Bands
5
The Countries of the World
6
Find the US States
7
Find the Countries of Europe - No Outlines Minefield
8
US States
More Entertainment Quizzes
DC Comics 'New Year's Evil' Map
Curator's Pick
Trending Quizzes
Colored Red Europe Blitz I
Colored Red Europe Blitz II
Colored Red Africa Blitz II
Colored Red Europe Blitz III
Colored Red Africa Blitz III
Recently Updated
How Do You Spell That?
pecheneg
Godzilla Movies
pecheneg
Grab Bag: 4-10 Letters
pecheneg
2024 March Madness Bracket
pecheneg
Famous TV Couples
Peacemaker
Champions League XIs: Real Madrid
pecheneg
Largest US Cities 1790-2010
pecheneg
Rides in Walt Disney World
pecheneg
Most Oscar Losses (Acting)
pecheneg
Beyoncé Albums
pecheneg
Trending Topics
Marvel
Crossword
Harry Potter
Anime
NBA
Kpop
Disney
The Office
NFL
Song
WWE
Puzzle
Country
Soccer
Pokémon
Your Account Isn't Verified!
In order to create a playlist on Sporcle, you need to verify the email address you used during registration. Go to your
Sporcle Settings
to finish the process.
Report this User
Report this user for behavior that violates our
Community Guidelines
.
Details:
Send Report
Go to the Sporcle.com Mobile Site →
Comments